[Event "Nationale 4 Foix-Ste Foy"]
[Site "?"]
[Date "2006.??.??"]
[Round "1.6"]
[White "Trier, Marc"]
[Black "Mauge, Christian"]
[Result "0-1"]
[WhiteElo "1650"]
[BlackElo "1640"]
[EventDate "2006.??.??"]
[PlyCount "106"]

1.e4 c6 2.d4 e6 3.Nf3 g6 4.Bd3 Be7 5.O-O b5 6.a3 Nf6 7.Bh6 Bf8 8.Bxf8 Kxf8
9.Qd2 d5 10.e5 Ne4 11.Qh6+ Kg8 12.Nbd2 Nxd2 13.Nxd2 Qf8 14.Qh4 Nd7 15.f4 
a6 16.Nf3 f6 17.h3 c5 18.dxc5 Qxc5+ 19.Kh1 Qf8 20.b4 Bb7 21.Rae1 Re8 22.
Nh2 Qe7 23.Kg1 f5 24.Qf2 Ra8 25.Rb1 Kg7 26.Nf3 Rhc8 27.Nd4 Rc3 28.Rb3 Rac8
29.Qe1 Rxb3 30.Nxb3 Nb8 31.Qe3 Nc6 32.Qf2 h6 33.g4 Ba8 34.gxf5 exf5 35.Kh2
Rf8 36.Rg1 Nd8 37.Nd4 Kh7 38.Qg3 Qf7 39.Nxf5 gxf5 40.Bxf5+ Kh8 41.Qh4 h5 
42.Bg6 Qxf4+ 43.Qxf4 Rxf4 44.Kg3 Rc4 45.Rf1 h4+ 46.Kh2 Kg7 47.Bd3 Rc7 48.
Rf6 Rc6 49.Rd6 Rxd6 50.exd6 Kf6 51.Kg1 Ke5 52.c3 Bc6 53.Kf2 Nf7 0-1

[Event "Nationale 4 Foix-Ste Foy"]
[Site "?"]
[Date "2006.??.??"]
[Round "1.5"]
[White "Ferreira, Georges"]
[Black "Moreau, Emilien"]
[Result "0-1"]
[WhiteElo "1750"]
[BlackElo "1780"]
[EventDate "2006.??.??"]
[PlyCount "62"]

1.e4 c5 2.Nf3 Nc6 3.d4 cxd4 4.Nxd4 Nf6 5.Nc3 e5 6.Ndb5 d6 7.Bg5 a6 8.Bxf6 
gxf6 9.Na3 b5 10.Nd5 f5 11.exf5 Bxf5 12.c3 Bg7 13.Nc2 O-O 14.g4 Be6 15.
Nce3 Ne7 16.Bg2 Rc8 17.O-O f5 18.Nxe7+ Qxe7 19.Nxf5 Bxf5 20.gxf5 Rxf5 21.
Qd5+ Kh8 22.Rfd1 Rf6 23.a4 Rb8 24.b4 Qa7 25.Qd2 Bh6 26.Qe1 Rxf2 27.Kh1 
Rxg2 28.Qe4 Rbg8 29.axb5 Rxh2+ 30.Kxh2 Qf2+ 31.Kh1 Bf4 0-1

[Event "Nationale 4 Foix-Ste Foy"]
[Site "?"]
[Date "2006.??.??"]
[Round "1.3"]
[White "Masot, Liberto"]
[Black "Noll, Dominik"]
[Result "0-1"]
[WhiteElo "1728"]
[BlackElo "1699"]
[EventDate "2006.??.??"]
[PlyCount "138"]

1.d4 d6 2.Bg5 Nd7 3.e3 c6 4.Nf3 Qa5+ 5.c3 Ngf6 6.Nbd2 Qc7 7.Bd3 e5 8.Qc2 
Be7 9.O-O-O h6 10.Bh4 b5 11.dxe5 dxe5 12.Ne4 O-O 13.g4 Re8 14.g5 Nxe4 15.
Bxe4 hxg5 16.Bh7+ Kf8 17.Nxg5 Bxg5 18.Bxg5 Nf6 19.Bxf6 gxf6 20.Qe4 Be6 21.
Rhg1 a6 22.Bf5 Qc8 23.Bxe6 Rxe6 24.Rd2 Ke7 25.h4 Rd6 26.Rxd6 Kxd6 27.h5 
Qe6 28.Rd1+ Kc7 29.b3 f5 30.Qh4 Rh8 31.h6 f6 32.Rg1 Qd6 33.Rd1 Qe7 34.Qh5 
Rh7 35.Rg1 Kb6 36.Rg6 Qa3+ 37.Kb1 Rd7 38.Qe2 Qf8 39.Kc2 Rh7 40.Qh5 Rd7 41.
Qe2 Rh7 42.Qd3 Kc7 43.Qxf5 Rxh6 44.Rxh6 Qxh6 45.Qg4 Qh7+ 46.e4 Kd6 47.Qd1+
Ke6 48.Qg4+ f5 49.exf5+ Qxf5+ 50.Qxf5+ Kxf5 51.Kd2 Ke4 52.Ke2 c5 53.f3+ 
Kf5 54.Kf2 b4 55.c4 e4 56.fxe4+ Kxe4 57.Ke2 Kd4 58.Kd2 a5 59.Kc2 Ke3 60.
Kc1 Kd3 61.Kb2 Kd2 62.Kb1 Kc3 63.Kc1 a4 64.bxa4 Kxc4 65.Kc2 Kd5 66.a5 c4 
67.Kb2 Kc6 68.a3 b3 69.a4 Kb7 0-1

[Event "Nationale 4 Foix-Ste Foy"]
[Site "?"]
[Date "2006.??.??"]
[Round "1.2"]
[White "Lacresse, Regis"]
[Black "Luneau, Gilles"]
[Result "0-1"]
[WhiteElo "1870"]
[BlackElo "1917"]
[EventDate "2006.??.??"]
[PlyCount "96"]

1.d4 b5 2.Bf4 Bb7 3.f3 a6 4.a4 b4 5.a5 Nf6 6.e4 e6 7.c3 c5 8.Ne2 d5 9.Bxb8
Rxb8 10.e5 Nd7 11.g3 Be7 12.Bh3 O-O 13.O-O bxc3 14.bxc3 Bc6 15.f4 Rb5 16.
f5 exf5 17.Rxf5 g6 18.Nf4 cxd4 19.cxd4 Rxa5 20.Rxa5 Qxa5 21.Rxf7 Rxf7 22.
Be6 Nf8 23.Bxf7+ Kxf7 24.Nd2 Bg5 25.Nb3 Qc3 26.Nd3 Bb5 27.Qf3+ Kg7 28.h4 
Qxd3 29.Qxd3 Bxd3 30.hxg5 Ne6 31.Kf2 Bc4 32.Na5 Nxd4 33.Ke3 Ne6 34.Kd2 Bb5
35.Kc3 d4+ 36.Kd2 Nxg5 37.Nb3 d3 38.Ke3 Ne6 39.Ke4 Kf7 40.Kd5 Ke7 41.Nd2 
h5 42.Ne4 Nc7+ 43.Kd4 Ke6 44.Nd2 g5 45.Nf1 h4 46.gxh4 gxh4 47.Nd2 h3 48.
Nf3 h2 0-1

[Event "Nationale 4 Foix-Ste Foy"]
[Site "?"]
[Date "2006.??.??"]
[Round "1.1"]
[White "Lanllier, Bruno"]
[Black "Vialaret, Laurent"]
[Result "1-0"]
[WhiteElo "1880"]
[BlackElo "2088"]
[EventDate "2006.??.??"]
[PlyCount "41"]

1.d4 f5 2.g3 Nf6 3.Bg2 g6 4.c4 Bg7 5.Nh3 d6 6.O-O O-O 7.d5 c6 8.Nc3 e5 9.
dxe6 Bxe6 10.Qb3 Na6 11.Qxb7 Nc5 12.Qxc6 Rc8 13.Qf3 Bxc4 14.Bg5 Qa5 15.
Bxf6 Rxf6 16.Nf4 Rf7 17.Nfd5 Rb8 18.b4 Bxd5 19.Nxd5 Rxb4 20.Nxb4 Bxa1 21.
Nc6 1-0

[Event "Nationale 4 Condom3-Ste Foy"]
[Site "?"]
[Date "2006.??.??"]
[Round "3.8"]
[White "Prest, Arnaud"]
[Black "Tauziede, Jean-Pierre"]
[Result "0-1"]
[WhiteElo "1510"]
[BlackElo "1690"]
[EventDate "2006.??.??"]
[PlyCount "74"]

1.e4 Nc6 2.d4 d5 3.exd5 Qxd5 4.Nf3 Bg4 5.Be2 O-O-O 6.c3 e5 7.Nxe5 Bxe2 8.
Qxe2 Re8 9.O-O Nf6 10.Re1 Bd6 11.Bf4 Nxe5 12.dxe5 Nd7 13.Nd2 Nxe5 14.Bxe5 
Bxe5 15.Qg4+ Kb8 16.Nf3 Bf6 17.Rad1 Qxa2 18.Re4 b6 19.Ra4 Qb3 20.Rda1 a5 
21.Nd2 Qe6 22.Qe4 Qxe4 23.Rxe4 Rd8 24.Nf3 Rd7 25.g3 Rhd8 26.Kg2 Rd1 27.
Rxd1 Rxd1 28.Nd4 Bxd4 29.cxd4 Kc8 30.Re7 Rxd4 31.Rxf7 Rd7 32.Rf8+ Kb7 33.
f4 Rd2+ 34.Kh3 Rxb2 35.Rf7 a4 36.Rxg7 a3 37.f5 Rf2 0-1

[Event "Nationale 4 Condom3-Ste Foy"]
[Site "?"]
[Date "2006.??.??"]
[Round "3.7"]
[White "Alegret, Jean-Pierre"]
[Black "Varinois, Arnaud"]
[Result "0-1"]
[WhiteElo "1590"]
[BlackElo "1599"]
[EventDate "2006.??.??"]
[PlyCount "104"]

1.e4 d5 2.exd5 Nf6 3.Nf3 Nxd5 4.d4 Bf5 5.c4 Nf6 6.Nc3 e6 7.Be3 Nbd7 8.Qa4 
c6 9.c5 Nd5 10.Nxd5 exd5 11.Be2 Be7 12.O-O O-O 13.Ne5 Re8 14.Bg4 Bxg4 15.
Nxg4 Qc7 16.g3 Nf6 17.Bf4 Qc8 18.Nxf6+ Bxf6 19.Rfe1 Qd7 20.Rxe8+ Rxe8 21.
Be3 a6 22.Rd1 h5 23.Rd3 h4 24.Qd1 Qf5 25.g4 Qe4 26.f3 Qg6 27.Bf2 Bd8 28.
Re3 Rxe3 29.Bxe3 f5 30.Qd3 Bg5 31.Bf2 Kf7 32.Qxf5+ Qxf5 33.gxf5 Kf6 34.Kf1
Kxf5 35.Ke2 Bd8 36.b4 g5 37.Be3 h3 38.Kf2 Bc7 39.Kg1 g4 40.fxg4+ Kxg4 41.
Bh6 Kf3 42.Bg7 Bf4 43.Be5 Bc1 44.a4 Bd2 45.Kf1 Bxb4 46.Bd6 Bc3 47.Be5 Ke4 
48.Kf2 Bxd4+ 49.Bxd4 Kxd4 50.Kg3 Kxc5 51.Kxh3 d4 52.Kg3 d3 0-1

[Event "Nationale 4 Condom3-Ste Foy"]
[Site "?"]
[Date "2006.??.??"]
[Round "3.4"]
[White "Moreau, Emilien"]
[Black "Beaurain, Louis"]
[Result "0-1"]
[WhiteElo "1780"]
[BlackElo "1870"]
[EventDate "2006.??.??"]
[PlyCount "78"]

1.e4 e6 2.d4 d5 3.Nc3 Nf6 4.e5 Nfd7 5.f4 c5 6.Nf3 Nc6 7.Be3 cxd4 8.Nxd4 
Be7 9.a3 O-O 10.Bd3 Nxd4 11.Bxd4 Nc5 12.O-O Nxd3 13.cxd3 Bd7 14.Qd2 b5 15.
b4 a6 16.Bc5 Bxc5+ 17.bxc5 d4 18.Ne4 Rc8 19.Rac1 Rc6 20.Rc2 Re8 21.Nd6 Re7
22.Qb4 a5 23.Qxd4 Qb8 24.Rb1 Ra6 25.Rcb2 Ra8 26.Nxb5 Bxb5 27.Rxb5 Qc8 28.
Qe4 Re8 29.d4 Rd8 30.Rb7 Rd5 31.f5 Qd8 32.fxe6 Rxd4 33.exf7+ Kf8 34.Qe2 
Rd2 35.Qe3 Rd3 36.Qf2 Rd2 37.Rb8 Rxb8 38.Rxb8 Rd1+ 39.Qf1 Rxf1+ 0-1

[Event "Nationale 4 Condom3-Ste Foy"]
[Site "?"]
[Date "2006.??.??"]
[Round "3.2"]
[White "Noll, Dominik"]
[Black "Vandervorst, Jean-Marc"]
[Result "1/2-1/2"]
[WhiteElo "1699"]
[BlackElo "2079"]
[EventDate "2006.??.??"]
[PlyCount "103"]

1.e4 c5 2.c3 Nf6 3.e5 Nd5 4.d4 cxd4 5.Qxd4 e6 6.Nf3 Nc6 7.Qe4 d6 8.Nbd2 
dxe5 9.Nxe5 Nxe5 10.Qxe5 Qd6 11.Bb5+ Bd7 12.Bxd7+ Qxd7 13.O-O Qd6 14.Qe2 
Be7 15.Ne4 Qc7 16.c4 Nf6 17.b3 Qe5 18.Nxf6+ Bxf6 19.Be3 Qxa1 20.Rxa1 Bxa1 
21.Qf3 O-O 22.Qxb7 a5 23.g3 Bc3 24.Bc1 Rfd8 25.Kg2 Bb4 26.Bf4 Re8 27.Bc7 
Rec8 28.h4 Re8 29.Kf3 f6 30.Qc6 Rac8 31.Qd7 Ra8 32.Bb6 Re7 33.Qc6 Ree8 34.
Kg2 Kf7 35.Qb7+ Kf8 36.Qc6 Kf7 37.h5 h6 38.Qb7+ Kf8 39.Qe4 Rac8 40.a3 Bxa3
41.Bxa5 Rb8 42.Qd3 Re7 43.Qe3 Reb7 44.Qxe6 Rxb3 45.Bc7 Re8 46.Bd6+ Bxd6 
47.Qxd6+ Kf7 48.c5 Rbb8 49.Qd5+ Kf8 50.Kh3 Rbd8 51.Qc4 Re5 52.g4 1/2-1/2

[Event "Nationale 4 Condom3-Ste Foy"]
[Site "?"]
[Date "2006.??.??"]
[Round "3.1"]
[White "Bedue, Julien"]
[Black "Lacresse, Regis"]
[Result "1-0"]
[WhiteElo "2122"]
[BlackElo "1870"]
[EventDate "2006.??.??"]
[PlyCount "133"]

1.d4 Nf6 2.Bg5 Ne4 3.Bf4 c5 4.f3 Nf6 5.d5 d6 6.e4 g6 7.Nc3 Bg7 8.Qd2 a6 9.
a4 b6 10.Nge2 Nbd7 11.Bh6 Bxh6 12.Qxh6 Bb7 13.Nc1 Qc7 14.Bc4 g5 15.h4 g4 
16.Nd3 Rg8 17.Qd2 b5 18.axb5 Nb6 19.b3 gxf3 20.gxf3 Nfd7 21.Kf2 Nxc4 22.
bxc4 Nb6 23.Nb2 Kd7 24.Qf4 Rgf8 25.Qf5+ Ke8 26.Rhg1 Bc8 27.Qxh7 Nd7 28.Rg8
Rb8 29.Nd3 axb5 30.Nxb5 Rxb5 31.cxb5 c4 32.Ne1 Qc5+ 33.Kg2 Qxb5 34.Ra7 
Rxg8+ 35.Qxg8+ Nf8 36.h5 Qb6 37.Ra8 Qb7 38.Rxc8+ Qxc8 39.h6 Kd7 40.Qxf7 
Qe8 41.Qxe8+ Kxe8 42.f4 Kf7 43.Nf3 Kg6 44.Nh4+ Kf7 45.Nf5 Nh7 46.Kf3 Nf6 
47.Ke3 Ng4+ 48.Kd4 Nf6 49.e5 dxe5+ 50.fxe5 Nh7 51.Kxc4 e6 52.Nd6+ Ke7 53.
Nc8+ Kd8 54.Nb6 exd5+ 55.Kxd5 Ke7 56.c4 Nf8 57.c5 Kf7 58.Nd7 Ne6 59.c6 
Nc7+ 60.Kd6 Ne8+ 61.Kc5 Nc7 62.h7 Kg7 63.Nf6 Ne6+ 64.Kd6 Nd8 65.e6 Kh8 66.
c7 Nb7+ 67.Ke7 1-0

[Event "Nationale 4 Condom 3 - Ste Foy"]
[Site "?"]
[Date "2006.??.??"]
[Round "3.5"]
[White "Berthelot, Nathan"]
[Black "Misiaszek, Stephan"]
[Result "0-1"]
[WhiteElo "1631"]
[BlackElo "1580"]
[EventDate "2006.??.??"]
[PlyCount "86"]

1.e4 d6 2.d4 Nf6 3.Nc3 g6 4.Nf3 Bg7 5.Be3 c6 6.Be2 Nbd7 7.Qd2 a6 8.Bh6 
Bxh6 9.Qxh6 b5 10.e5 b4 11.Na4 Qa5 12.exf6 Qxa4 13.fxe7 Kxe7 14.Qg7 Rf8 
15.b3 Qa5 16.O-O Kd8 17.Qxh7 Kc7 18.Qh4 Bb7 19.Qf4 f6 20.Nd2 Nb6 21.Ne4 
Rad8 22.Nc5 Bc8 23.Bf3 g5 24.Qg3 f5 25.Nd3 f4 26.Nxf4 gxf4 27.Qg7+ Bd7 28.
h4 Rg8 29.Qf7 Rdf8 30.Qe7 Re8 31.Qf6 Rgf8 32.Qg7 Nc8 33.Rfd1 Rg8 34.Qf7 
Ref8 35.Qh7 Rh8 36.Qg7 Rhg8 37.Qh7 Rh8 38.Qg7 Qf5 39.d5 c5 40.h5 Rfg8 41.
Qb2 Rxh5 42.Bxh5 Qxh5 43.c4 f3 0-1

[Event "Narionale 4 Foix -Ste Foy"]
[Site "?"]
[Date "2006.??.??"]
[Round "1.4"]
[White "Boulogne, Laurent"]
[Black "Evrard, Emmanuel"]
[Result "1-0"]
[WhiteElo "1700"]
[BlackElo "1800"]
[EventDate "2006.??.??"]
[PlyCount "91"]

1.c4 d6 2.g3 g6 3.Bg2 Bg7 4.Nf3 Nf6 5.d4 O-O 6.Nc3 c6 7.O-O Nbd7 8.b3 Qc7 
9.Bb2 e5 10.d5 Nc5 11.Nd2 Rb8 12.b4 Ncd7 13.Nb3 e4 14.Nxe4 cxd5 15.Nxf6+ 
Nxf6 16.cxd5 Re8 17.Rc1 Qb6 18.a3 Bg4 19.Bd4 Qa6 20.f3 Bd7 21.e4 Qxa3 22.
Ra1 Qxb4 23.Na5 Nxd5 24.Bxg7 Ne3 25.Qd4 Qxd4 26.Bxd4 Nxf1 27.Bxf1 b6 28.
Nc4 Bc6 29.Rxa7 Bxe4 30.fxe4 Rxe4 31.Bf2 d5 32.Nxb6 Rd8 33.Bd3 Rb4 34.Nd7 
Rb3 35.Bf1 Rb1 36.Kg2 Rb4 37.Ne5 Rb2 38.Nc6 Rd6 39.Nd4 Rf6 40.Nf3 Rb3 41.
Be2 Rb2 42.Nd4 h5 43.Rd7 Re6 44.Rd8+ Kg7 45.Nxe6+ fxe6 46.Bd4+ 1-0

[Event "N4 Rodez-Blaye"]
[Site "Blaye"]
[Date "2006.??.??"]
[Round "4"]
[White "Jalras, Laurent"]
[Black "De Biasi, Robert"]
[Result "1-0"]
[WhiteElo "1750"]
[BlackElo "1849"]
[EventDate "2006.??.??"]
[PlyCount "45"]

1.e4 c5 2.Nf3 Nc6 3.d4 cxd4 4.Nxd4 Nf6 5.Nc3 d6 6.Bc4 e6 7.Be3 a6 8.Bb3 
Be7 9.O-O Qc7 10.f4 b5 11.a3 Na5 12.Qd3 Nxb3 13.cxb3 Bb7 14.Rac1 Qd7 15.
Nde2 Rc8 16.Ng3 O-O 17.f5 e5 18.Nd5 Nxd5 19.exd5 Qd8 20.Nh5 Bg5 21.f6 
Bxe3+ 22.Qxe3 g6 23.Qh6 1-0

[Event "N4 Loures Barousse-Tournefeuille 3"]
[Site "Loures Barousse"]
[Date "2006.??.??"]
[Round "4"]
[White "Saunders, Mark"]
[Black "Moisselin, Jean-Marc"]
[Result "1-0"]
[WhiteElo "1699"]
[BlackElo "1499"]
[EventDate "2006.??.??"]
[PlyCount "47"]

1.e4 e5 2.f4 exf4 3.Nf3 Nc6 4.d4 Bb4+ 5.c3 Ba5 6.Bxf4 Nf6 7.Bd3 O-O 8.O-O 
d6 9.Bg5 Bg4 10.Qc2 h6 11.Bh4 Bxf3 12.Rxf3 g5 13.Bg3 Bb6 14.Qf2 Ng4 15.Qd2
Qe7 16.Na3 Nce5 17.Rf5 Rae8 18.Bc2 c6 19.Raf1 h5 20.Rxg5+ Ng6 21.Rxh5 Nf6 
22.Rh3 Nh7 23.Qh6 Ng5 24.Rh5 1-0

[Event "N4 Loures Barousse-Tournefeuille 3"]
[Site "Loures Barousse"]
[Date "2006.??.??"]
[Round "4"]
[White "Ribou, Jacques"]
[Black "Taravaud, Evelyne"]
[Result "0-1"]
[WhiteElo "1850"]
[BlackElo "1620"]
[EventDate "2006.??.??"]
[PlyCount "76"]

1.e4 c5 2.Nc3 Nc6 3.g3 Nf6 4.d3 e6 5.Bg2 Be7 6.Nge2 a6 7.a4 d6 8.O-O Qc7 
9.h3 Bd7 10.Be3 O-O 11.f4 e5 12.f5 Nd4 13.g4 b5 14.axb5 axb5 15.Rxa8 Rxa8 
16.Ng3 b4 17.Nd5 Nxd5 18.exd5 Ra2 19.c3 bxc3 20.bxc3 Nc2 21.Bc1 Qb6 22.g5 
c4+ 23.Kh2 cxd3 24.f6 Bf8 25.fxg7 Bxg7 26.Qh5 Be8 27.Nf5 Ne1 28.Rxe1 Qf2 
29.Nh6+ Bxh6 30.Qg4 Bg7 31.Rd1 d2 32.Rxd2 Rxd2 33.Bxd2 Qxd2 34.Qc8 Kf8 35.
c4 e4 36.h4 Be5+ 37.Kg1 Qe1+ 38.Bf1 Bd4+ 0-1

[Event "N4 Loures Barousse-Tournefeuille 3"]
[Site "Loures Barousse"]
[Date "2006.??.??"]
[Round "4"]
[White "Pinault, Maïlys"]
[Black "Ponsolle, René"]
[Result "1-0"]
[WhiteElo "1440"]
[BlackElo "1540"]
[EventDate "2006.??.??"]
[PlyCount "71"]

1.e4 e5 2.Nc3 Nf6 3.f4 Nc6 4.Nf3 d6 5.Bc4 Bg4 6.d3 Nd4 7.Be3 Nxf3+ 8.gxf3 
Bd7 9.Qd2 c6 10.O-O-O b5 11.Bb3 a5 12.a3 a4 13.Ba2 g6 14.fxe5 dxe5 15.d4 
Bd6 16.dxe5 Bxe5 17.f4 Bxc3 18.Qxc3 O-O 19.e5 Nd5 20.Bxd5 cxd5 21.Rxd5 Qc8
22.Qxc8 Bxc8 23.Rxb5 Bf5 24.Rg1 Rfc8 25.Rc5 Rxc5 26.Bxc5 Rc8 27.Bd4 Rxc2+ 
28.Kd1 Rxh2 29.Rg3 Rc2 30.b3 axb3 31.Rxb3 h5 32.Rb8+ Kh7 33.e6 g5 34.e7 
Rc6 35.e8=Q Bc2+ 36.Kd2 1-0

[Event "N4 Loures Barousse-Tournefeuille 3"]
[Site "Loures Barousse"]
[Date "2006.??.??"]
[Round "4"]
[White "Oriot, Patrice"]
[Black "Garrel, Pascal"]
[Result "1-0"]
[WhiteElo "2150"]
[BlackElo "1730"]
[EventDate "2006.??.??"]
[PlyCount "21"]

1.e4 c5 2.Nc3 d6 3.f4 g6 4.Nf3 Bg7 5.Bc4 Bd7 6.O-O Nh6 7.d3 O-O 8.f5 Kh8 
9.Qe1 e6 10.f6 Qxf6 11.Bg5 1-0

[Event "N4 Loures Barousse-Tournefeuille 3"]
[Site "Loures Barousse"]
[Date "2006.??.??"]
[Round "4"]
[White "Moisselin-Stoll, Simon"]
[Black "David, Philippe"]
[Result "0-1"]
[WhiteElo "1110"]
[BlackElo "1420"]
[EventDate "2006.??.??"]
[PlyCount "48"]

1.e4 d5 2.exd5 Nf6 3.c4 e6 4.d4 exd5 5.Bg5 Be7 6.Nf3 Ne4 7.Bxe7 Qxe7 8.Qe2
c6 9.Nc3 Be6 10.Nxe4 dxe4 11.Qxe4 O-O 12.O-O-O Qf6 13.d5 cxd5 14.cxd5 Rc8+
15.Bc4 Bf5 16.Qe5 Rxc4+ 17.Kd2 Qh6+ 18.Ke1 Re4+ 19.Kf1 Rxe5 20.Nxe5 Nd7 
21.Re1 Nxe5 22.Rxe5 Qc1+ 23.Re1 Bd3+ 24.Kg1 Qxe1# 0-1

[Event "N4 Loures Barousse-Tournefeuille 3"]
[Site "Loures Barousse"]
[Date "2006.??.??"]
[Round "4"]
[White "Egea, Claude"]
[Black "Condeminas, Christian"]
[Result "0-1"]
[WhiteElo "1720"]
[BlackElo "1740"]
[EventDate "2006.??.??"]
[PlyCount "90"]

1.e4 e5 2.Nf3 Nc6 3.Bc4 Nf6 4.Ng5 d5 5.exd5 Na5 6.Bb5+ Bd7 7.Bxd7+ Qxd7 8.
d3 Qxd5 9.O-O Bc5 10.Nc3 Qd7 11.Nge4 Nxe4 12.Nxe4 Be7 13.f4 f5 14.Nc3 
O-O-O 15.Kh1 exf4 16.Bxf4 g5 17.Bd2 Nc6 18.Ne2 f4 19.a3 Rdf8 20.b4 h5 21.
Bc3 Bf6 22.b5 Bxc3 23.Nxc3 Nd4 24.a4 h4 25.Ne4 h3 26.Qd2 Qg4 27.Rf2 hxg2+ 
28.Rxg2 Qh4 29.Qf2 Qxf2 30.Rxf2 g4 31.Kg2 Rh3 32.Rh1 f3+ 33.Kf1 Nf5 34.Rg1
Ne3+ 35.Ke1 Rfh8 36.Kd2 Ng2 37.Nf6 R8h4 38.Nd5 Rxh2 39.Ne3 Nf4 40.Ke1 Rxf2
41.Kxf2 Nh3+ 42.Kf1 Nxg1 43.Kxg1 g3 44.Nf1 Rg4 45.Ne3 Rxa4 0-1

[Event "N4 Loures Barousse-Tournefeuille 3"]
[Site "Loures Barousse"]
[Date "2006.??.??"]
[Round "4"]
[White "Devos, Hervé"]
[Black "Bricard, Hervé"]
[Result "1/2-1/2"]
[WhiteElo "1798"]
[BlackElo "2077"]
[EventDate "2006.??.??"]
[PlyCount "59"]

1.e4 e6 2.d4 a6 3.Nf3 b5 4.a3 Bb7 5.Nc3 Nf6 6.Bd3 c5 7.dxc5 Bxc5 8.O-O Qb6
9.Qe2 h6 10.Bf4 Nc6 11.Kh1 Nd4 12.Nxd4 Bxd4 13.Nd1 d5 14.exd5 Bxd5 15.c3 
Bc5 16.Ne3 Kf8 17.Nxd5 exd5 18.Qf3 Qe6 19.Rae1 Qg4 20.Qxg4 Nxg4 21.Kg1 g5 
22.Bg3 h5 23.h3 Nf6 24.Re5 h4 25.Bh2 Rg8 26.Rf5 Be7 27.Be5 Nh5 28.Be2 Ng7 
29.Bxg7+ Kxg7 30.Rxd5 1/2-1/2

[Event "N4 Loures Barousse-Tournefeuille 3"]
[Site "Loures Barousse"]
[Date "2006.??.??"]
[Round "4"]
[White "Cordier, Michel"]
[Black "Cabrit, Thibault"]
[Result "0-1"]
[WhiteElo "1580"]
[BlackElo "1270"]
[EventDate "2006.??.??"]
[PlyCount "116"]

1.Nf3 d5 2.g3 Nf6 3.Bg2 e6 4.O-O Bd6 5.d3 Nbd7 6.Nbd2 O-O 7.c4 c6 8.b3 b5 
9.cxd5 cxd5 10.Bb2 e5 11.e4 d4 12.a4 Ba6 13.axb5 Bxb5 14.Nc4 Bxc4 15.bxc4 
Nc5 16.Ba3 Qc7 17.Qc2 Rfb8 18.Bxc5 Qxc5 19.Rfb1 Rxb1+ 20.Rxb1 a5 21.Qa4 
Qc7 22.Rb5 Nd7 23.Bf1 Nc5 24.Qa2 a4 25.Nd2 Ra5 26.Rb1 a3 27.Nb3 Nxb3 28.
Rxb3 Ra4 29.Be2 Qa5 30.Kf1 Rb4 31.Rxa3 Qxa3 32.Qxa3 Rb1+ 33.Kg2 Bxa3 34.f4
exf4 35.gxf4 Rb2 36.Kf3 f6 37.h3 Bd6 38.h4 Bxf4 39.h5 Be5 40.Kf2 g6 41.
hxg6 hxg6 42.Kf3 f5 43.exf5 gxf5 44.Kf2 Kg7 45.Kf3 Bg3 46.Kxg3 Rxe2 47.Kf4
Rd2 48.Kxf5 Rxd3 49.Ke4 Rd1 50.c5 Kf7 51.c6 Ke7 52.Kd5 Kd8 53.Kd6 Kc8 54.
Kd5 Kc7 55.Kc5 d3 56.Kd4 Kxc6 57.Kc4 Rc1+ 58.Kxd3 Kd5 0-1

[Event "N4 Castres-Albi"]
[Site "Castres"]
[Date "2006.??.??"]
[Round "4"]
[White "Le Doare, Bernard"]
[Black "Serres, Olivier"]
[Result "1-0"]
[WhiteElo "1870"]
[BlackElo "1950"]
[EventDate "2006.??.??"]
[PlyCount "65"]

1.d4 d5 2.c4 e6 3.Nc3 Nf6 4.Nf3 c6 5.e3 Bd6 6.h3 Nbd7 7.Bd3 h6 8.O-O g5 9.
e4 dxe4 10.Nxe4 Nxe4 11.Bxe4 f5 12.Bc2 Qf6 13.Re1 Nf8 14.Ne5 Ng6 15.Qh5 
Bxe5 16.dxe5 Qf7 17.Qe2 Bd7 18.b4 Rg8 19.Be3 Nh4 20.f3 h5 21.Rf1 Qg7 22.
Bf2 Ng6 23.Bd4 Nf4 24.Qd2 O-O-O 25.Qe3 Qh6 26.Bc5 g4 27.fxg4 hxg4 28.Qxf4 
Qxf4 29.Rxf4 gxh3 30.Rf2 Rg6 31.Rd1 b6 32.Bd6 c5 33.b5 1-0

[Event "N4 Castres-Albi"]
[Site "Castres"]
[Date "2006.??.??"]
[Round "4"]
[White "Guillet, Yvan"]
[Black "Fabre, Philippe"]
[Result "0-1"]
[WhiteElo "1499"]
[BlackElo "1698"]
[EventDate "2006.??.??"]
[PlyCount "84"]

1.e4 d6 2.Nf3 Nf6 3.Nc3 g6 4.d4 Bg7 5.h3 O-O 6.Bd3 e5 7.d5 Nxe4 8.Bxe4 f5 
9.Bg5 Qe8 10.Qe2 h6 11.Bd2 a6 12.Nh2 fxe4 13.Nxe4 Nd7 14.O-O Kh7 15.c4 Nf6
16.f3 Nh5 17.Ng4 Bf5 18.Ngf2 Nf4 19.Bxf4 exf4 20.Rab1 Qd7 21.Rfe1 Rae8 22.
Qd3 b6 23.Re2 g5 24.Rbe1 Kh8 25.Qd2 Qd8 26.b3 h5 27.Kf1 Bd7 28.Qd3 Bf5 29.
Qd2 Bh6 30.a3 Rg8 31.Qd4+ Bg7 32.Qd3 Be5 33.Qd2 g4 34.hxg4 hxg4 35.Nd3 Qh4
36.Nxf4 gxf3 37.gxf3 Bxf4 38.Re3 Bh3+ 39.Ke2 Rg2+ 40.Kd3 Rxd2+ 41.Kxd2 
Bxe3+ 42.Rxe3 Bf5 0-1

[Event "N4 Castres-Albi"]
[Site "Castres"]
[Date "2006.??.??"]
[Round "4"]
[White "Gipouloux, Laurent"]
[Black "Le Doare, William"]
[Result "1-0"]
[WhiteElo "1810"]
[BlackElo "1850"]
[EventDate "2006.??.??"]
[PlyCount "97"]

1.e4 e5 2.Nf3 Nf6 3.Nxe5 d6 4.Nf3 Nxe4 5.Qe2 Qe7 6.d3 Nf6 7.Bg5 Be6 8.Nc3 
Nbd7 9.d4 h6 10.Bh4 g5 11.Bg3 O-O-O 12.h3 Bf5 13.O-O-O Qxe2 14.Bxe2 Bg7 
15.Bc4 Bg6 16.Rhe1 Rhe8 17.h4 g4 18.Nd2 Nb6 19.Be2 h5 20.f3 Re7 21.fxg4 
hxg4 22.Bxg4+ Nxg4 23.Rxe7 Bxd4 24.Nb5 Bf6 25.Rxc7+ Kb8 26.Nb3 a6 27.Na5 
Be4 28.Rxd6 Rxd6 29.Bxd6 Ka8 30.Nc3 Bxg2 31.h5 Bg5+ 32.Kb1 Nh6 33.Nc4 Nxc4
34.Rxc4 b5 35.Rc8+ Kb7 36.Rc7+ Kb6 37.a4 b4 38.Na2 a5 39.Nc1 Nf5 40.Bh2 
Bd5 41.Nb3 Be6 42.Rc5 Bd8 43.Bf4 Nh4 44.h6 Bxb3 45.Rb5+ Kc6 46.cxb3 Ng6 
47.h7 Bf6 48.Rxa5 Nxf4 49.Rf5 1-0

[Event "N4 Castres-Albi"]
[Site "Castres"]
[Date "2006.??.??"]
[Round "4"]
[White "Eb-Levadoux, Yvan"]
[Black "Martinez, Loic"]
[Result "1-0"]
[WhiteElo "1920"]
[BlackElo "1870"]
[EventDate "2006.??.??"]
[PlyCount "53"]

1.e4 e5 2.Nf3 Nc6 3.d4 exd4 4.Bc4 Bc5 5.O-O Nf6 6.e5 d5 7.exf6 dxc4 8.Re1+
Be6 9.Ng5 Qd5 10.Nc3 Qf5 11.Nce4 O-O-O 12.g4 Qd5 13.fxg7 Rhg8 14.Nf6 Qd6 
15.Nge4 Qe7 16.Nxg8 Rxg8 17.Bg5 f6 18.Bxf6 Qf7 19.Nxc5 Qxf6 20.Nxe6 Ne5 
21.Nxd4 Rxg7 22.h3 h5 23.Qe2 hxg4 24.Qxe5 gxh3+ 25.Kh1 Rg1+ 26.Kxg1 Qg6+ 
27.Qg3 1-0

[Event "N4 Castres-Albi"]
[Site "Castres"]
[Date "2006.??.??"]
[Round "4"]
[White "De Baralle, Michel"]
[Black "Fournier, Marcellin"]
[Result "1/2-1/2"]
[WhiteElo "1550"]
[BlackElo "1400"]
[EventDate "2006.??.??"]
[PlyCount "67"]

1.d4 d6 2.c4 Nf6 3.Nc3 g6 4.e4 Bg7 5.Be2 O-O 6.Bg5 a6 7.Qd2 c6 8.h4 h5 9.
f3 b5 10.a3 Bb7 11.g4 bxc4 12.gxh5 Nxh5 13.Bxc4 d5 14.exd5 cxd5 15.Bb3 Qd6
16.O-O-O Nd7 17.Nge2 Rac8 18.Kb1 Ndf6 19.Na4 Rb8 20.Rc1 Bc8 21.Ka2 Nd7 22.
Rc3 Nb6 23.Nxb6 Rxb6 24.Rhc1 Be6 25.Rc7 Bf6 26.Bxf6 Nxf6 27.Nf4 Rfb8 28.
R7c3 Bf5 29.Nd3 a5 30.a4 Bxd3 31.Rxd3 Kg7 32.Qxa5 Qf4 33.Qe1 e6 34.Rcc3 
1/2-1/2

[Event "N4 Castres-Albi"]
[Site "Castres"]
[Date "2006.??.??"]
[Round "4"]
[White "Daourbekov, Said"]
[Black "Stas, Jean"]
[Result "1-0"]
[WhiteElo "1780"]
[BlackElo "1550"]
[EventDate "2006.??.??"]
[PlyCount "81"]

1.e4 c5 2.Nc3 e6 3.Nf3 a6 4.d4 cxd4 5.Nxd4 Nc6 6.a3 Bc5 7.Nb3 Ba7 8.Bf4 
Qf6 9.Qd2 Nge7 10.O-O-O O-O 11.g4 e5 12.Bg3 Bd4 13.Be2 b5 14.Nxd4 Nxd4 15.
f4 d6 16.g5 Qe6 17.f5 Qd7 18.f6 Ng6 19.h4 Qb7 20.h5 Nh8 21.Nd5 Re8 22.fxg7
Kxg7 23.h6+ Kf8 24.Nf6 Be6 25.Nxh7+ Ke7 26.Nf6 Rec8 27.Bd3 Rc6 28.Qf2 Ba2 
29.Nd5+ Kf8 30.c3 Rac8 31.Qf6 Ke8 32.Qxh8+ Kd7 33.Qf6 Bxd5 34.exd5 Rxc3+ 
35.bxc3 Qxd5 36.Bf5+ Kc7 37.Bxc8 Ne2+ 38.Kb2 Qc5 39.Qxd6+ Qxd6 40.Rxd6 
Kxd6 41.Bf2 1-0

[Event "N4 Castres-Albi"]
[Site "Castres"]
[Date "2006.??.??"]
[Round "4"]
[White "Cazals, Philippe"]
[Black "Schegerin, Andre"]
[Result "1-0"]
[WhiteElo "1810"]
[BlackElo "1910"]
[EventDate "2006.??.??"]
[PlyCount "23"]

1.f4 e5 2.fxe5 d6 3.exd6 Bxd6 4.Nf3 g5 5.g3 g4 6.Nh4 Ne7 7.Nc3 Ng6 8.Nxg6 
Rg8 9.Nh4 Bd7 10.Ng2 h5 11.d4 h4 12.e4 1-0

[Event "N4 Castres-Albi"]
[Site "Castres"]
[Date "2006.??.??"]
[Round "4"]
[White "Buiten, Herman"]
[Black "Lefevre, Gerard"]
[Result "0-1"]
[WhiteElo "1680"]
[BlackElo "1890"]
[EventDate "2006.??.??"]
[PlyCount "107"]

1.b4 Nf6 2.Bb2 e6 3.a3 Be7 4.e3 O-O 5.Nf3 b6 6.Be2 Bb7 7.d3 c5 8.b5 d5 9.
O-O Nbd7 10.Nbd2 Qc7 11.c4 Rad8 12.d4 Ne8 13.dxc5 Nxc5 14.Qc2 Bf6 15.Bxf6 
Nxf6 16.a4 dxc4 17.Qxc4 Bd5 18.Qc3 Rc8 19.Qe5 Qb7 20.Qf4 Nh5 21.Qg4 g6 22.
Bc4 Bxc4 23.Nxc4 Qe4 24.Qxe4 Nxe4 25.Nfe5 Rc5 26.Nd7 Rxc4 27.Nxf8 Kxf8 28.
Rfc1 Rxc1+ 29.Rxc1 Nc5 30.a5 Ke7 31.axb6 axb6 32.Ra1 Nf6 33.Kf1 Nfd7 34.f3
f5 35.Ke2 Kd6 36.Rd1+ Kc7 37.g4 Nf6 38.g5 Nd5 39.Kd2 Kb7 40.Re1 Nc7 41.Rb1
e5 42.Kc3 Nd5+ 43.Kd2 e4 44.f4 Nd3 45.Ra1 Nc5 46.Rb1 Kc7 47.Rb2 Kd6 48.Rb1
Nb7 49.Rc1 Kd7 50.h4 Nd6 51.h5 gxh5 52.Rh1 Nc4+ 53.Ke2 Ncxe3 54.Rxh5 0-1